000 00301nam a22001337a 4500
008 170606b xxu||||| |||| 00| 0 eng d
020 _a9780691089799
041 _aeng
080 _a94
100 _a18
101 _aSHH
245 _aENVIROMENT SCARCITY VIOLOENCE
_cHOMER.TH.F
942 _2udc
_cBK
999 _c16074
_d16074